Signes linéaires paléolithiques gravés dans l'Abri du Romito (Calabre) / Paolo Graziosi
Publicado:
Barcelona :
Diputación Provincial de Barcelona. Instituto de Prehistoria y Arqueología ,
1964
Descripción Física:
p. 457-466 : il. ; 27 cm
MARC
| LEADER | 00000nam a2200000Ia 4500 | ||
|---|---|---|---|
| 001 | 8455 | ||
| 008 | 160829s1964 xx 000 0 cat d | ||
| 080 | |a FU-21-47 | ||
| 100 | |a Graziosi, Paolo |9 32186 | ||
| 245 | |a Signes linéaires paléolithiques gravés dans l'Abri du Romito (Calabre) / Paolo Graziosi | ||
| 260 | |a Barcelona : |b Diputación Provincial de Barcelona. Instituto de Prehistoria y Arqueología, |c 1964 | ||
| 300 | |a p. 457-466 : |b il. ; |c 27 cm | ||
| 590 | |a Separata de: Miscelánea en Homenaje al Abate Henri Breuil | ||
| 650 | |a Romito, Abrigo del (Calàbria) |9 32187 | ||
| 650 | |a Petroglifs |x Calàbria |9 32188 | ||
| 710 | 2 | |a Instituto de Prehistoria y Arqueología (Barcelona, Catalunya) |9 54255 | |
| 901 | |a Arxiu | ||
| 942 | |n 1 |2 udc | ||
| 952 | |0 0 |1 0 |4 0 |6 FU2147 |7 1 |9 45898 |a Arxiu |b Arxiu |d 2016-12-01 |l 0 |o FU-21-47 |p 8455 |r 2016-12-01 00:00:00 |w 2016-12-01 |y ARXIU | ||
| 999 | |c 49399 |d 49399 | ||